<?xml version="1.0" encoding="UTF-8"?>
<marc:record xmlns:marc="http://www.loc.gov/MARC21/slim">
   <marc:leader>00000nam a2200000 a 4500</marc:leader>
   <marc:datafield ind1="1" ind2=" " tag="100">
      <marc:subfield code="a">Singer, Bryan</marc:subfield>
      <marc:subfield code="4">aut</marc:subfield>
      <marc:subfield code="e">Verfasser/-in</marc:subfield>
   </marc:datafield>
   <marc:datafield ind1=" " ind2=" " tag="653">
      <marc:subfield code="a">Musikfilm</marc:subfield>
   </marc:datafield>
   <marc:datafield ind1=" " ind2=" " tag="653">
      <marc:subfield code="a">Freddie Mercury</marc:subfield>
   </marc:datafield>
   <marc:datafield ind1=" " ind2=" " tag="653">
      <marc:subfield code="a">Queen (Rockband)</marc:subfield>
   </marc:datafield>
   <marc:datafield ind1="0" ind2="0" tag="245">
      <marc:subfield code="a">Bohemian Rhapsody</marc:subfield>
   </marc:datafield>
   <marc:datafield ind1=" " ind2="1" tag="264">
      <marc:subfield code="b">20th Century Fox</marc:subfield>
      <marc:subfield code="c">143</marc:subfield>
   </marc:datafield>
   <marc:datafield ind1="1" ind2=" " tag="520">
      <marc:subfield code="a">BOHEMIAN RHAPSODY feiert auf mitreißende Art die Rockband Queen, ihre Musik und ihren außergewöhnlichen Leadsänger Freddie Mercury. Freddie Mercury widersetzte sich Klischees, trotzte Konventionen und wurde so zu einem der beliebtesten Entertainer der Welt. Der Film erzählt vom kometenhaften Aufstieg der Band durch ihre einzigartigen Songs und ihren revolutionären Sound. Sie haben beispiellosen Erfolg, bis Mercury, dessen Lebensstil außer Kontrolle gerät, sich unerwartet von Queen abwendet, um seine Solokarriere zu starten. 
Mitreißender Musikfilm über die Rockband Queen.</marc:subfield>
   </marc:datafield>
   <marc:datafield ind1="3" ind2=" " tag="024">
      <marc:subfield code="a">4010232076571</marc:subfield>
   </marc:datafield>
</marc:record>
